| 000 | 00766nam a2200205Ia 4500 | ||
|---|---|---|---|
| 003 | GCL | ||
| 008 | 140319s9999 xx 000 0 ara d | ||
| 040 |
_aGCL / _cGCL |
||
| 082 | 0 | 4 |
_a320.9651 _bس ع |
| 100 | 1 | _aسيار الجميل | |
| 245 | 1 | 0 |
_aالعرب والاتراك الانبعاث والتحديث من العثمنة الى العلمنة / _cسيار الجميل |
| 300 | _a386 ص | ||
| 490 |
_aمركز دراسات الوحده العربية _v0 |
||
| 650 | 0 | 4 | _aالسياسة |
| 650 | 0 | 4 | _aالعلمانية, تركيا |
| 650 | 0 | 4 | _aالتحديث - تركيا |
| 650 | 0 | 4 | _aتركيا - العلاقات الخارجية - البلدان العربية |
| 650 | 0 | 4 | _aتركيا - التنمية الاقتصادية |
| 942 |
_2ddc _cBK |
||
| 999 |
_c50908 _d50908 |
||